000 00551cam a22002171 4500
001 ne 67000848
003 DLC
005 20260227111831.0
008 880902s1966 xx 000 0 ara
010 _ane 67000848
035 _a(OCoLC)23519400
040 _aDLC
_cMiU
_dDLC
050 0 0 _aHX44
_b.J8
100 1 _aJundī, Muḥammad Salīm.
245 1 3 _aal-Ishtirākīyah fī al-buldān al-mutakhallifah.
260 _c[1966]
300 _a266 p.
_c20 cm.
500 _aRomanized.
650 0 _aSocialism.
651 0 _aDeveloping countries.
999 _c49568
_d49568